[Event "Mittelfranken-ch HT 51st"]
[Site "Zirndorf"]
[Date "2002.??.??"]
[Round "9"]
[White "Petersammer, Georg"]
[Black "Rammig, Claus"]
[Result "1-0"]
[WhiteElo "1828"]
[BlackElo "1674"]
[PlyCount "103"]
[EventDate "2002.03.26"]
[EventType "swiss"]
[EventRounds "9"]
[EventCountry "GER"]
[SourceTitle "EXT 2011"]
[Source "ChessBase"]
[SourceDate "2010.11.26"]
[SourceVersion "1"]
[SourceVersionDate "2010.11.26"]
[SourceQuality "1"]

1. d4 Nf6 2. Nf3 b6 3. Bf4 Bb7 4. Nbd2 d5 5. e3 Nbd7 6. Bd3 e6 7. 0-0 Nh5 8. Re1 Be7 9. c3 g5 10. Be5 f6 11. Nxg5 Ng7 12. Nxe6 Nxe6 13. Qh5+ Kf8 14. Qh6+ Kg8 15. Bg3 Qf8 16. Qh3 Qf7 17. Bf5 Ng5 18. Qg4 h5 19. Qe2 Nf8 20. h4 Nge6 21. e4 Ng7 22. Bh3 Bd6 23. e5 fxe5 24. dxe5 Be7 25. e6 Qe8 26. Bxc7 Qc6 27. Bg3 Re8 28. Nf3 Bf6 29. Nd4 Bxd4 30. cxd4 Nfxe6 31. Qd2 Kf7 32. Rac1 Qd7 33. Rc7 Qxc7 34. Bxc7 Nxc7 35. Qf4+ Kg8 36. Rxe8+ Ncxe8 37. Qb8 Ba6 38. Qxa7 Bc4 39. b3 Bd3 40. Qxb6 Kh7 41. a4 Rf8 42. Qc5 Rf6 43. Qxd5 Bf5 44. Bxf5+ Rxf5 45. Qd7 Nf6 46. Qb7 Ng4 47. d5 Rxf2 48. a5 Kg6 49. a6 Nf5 50. Qb6+ Kf7 51. Qxf2 Nxf2 52. a7 1-0

[Event "Mittelfranken-ch HT 51st"]
[Site "Zirndorf"]
[Date "2002.??.??"]
[Round "1"]
[White "Rammig, Claus"]
[Black "Wittmann, Helmut"]
[Result "0-1"]
[WhiteElo "1674"]
[BlackElo "2057"]
[PlyCount "66"]
[EventDate "2002.03.26"]
[EventType "swiss"]
[EventRounds "9"]
[EventCountry "GER"]
[SourceTitle "EXT 2011"]
[Source "ChessBase"]
[SourceDate "2010.11.26"]
[SourceVersion "1"]
[SourceVersionDate "2010.11.26"]
[SourceQuality "1"]

1. e4 g6 2. c4 Bg7 3. Nc3 c5 4. g3 Nc6 5. Bg2 e6 6. Nge2 a6 7. d3 Nf6 8. Bg5 0-0 9. 0-0 Rb8 10. h4 b5 11. h5 h6 12. Bxf6 Bxf6 13. hxg6 fxg6 14. Qd2 Bg7 15. Nf4 Ne5 16. Rad1 bxc4 17. dxc4 Nxc4 18. Qe2 Nxb2 19. Nxe6 Qf6 20. Nxf8 Nxd1 21. Nxd7 Bxd7 22. Nd5 Qa1 23. Qxd1 Qxd1 24. Rxd1 Ba4 25. Re1 Bd4 26. e5 Rf8 27. Nf6+ Kg7 28. Bd5 Bb5 29. Kg2 Bxe5 30. Nh5+ gxh5 31. Rxe5 Rd8 32. f4 Rxd5 33. Rxd5 Bc6 0-1

[Event "Mittelfranken-ch QT 49th"]
[Site "Ansbach"]
[Date "2000.??.??"]
[Round "3"]
[White "Schloetterer, Hermann"]
[Black "Rammig, Claus"]
[Result "1-0"]
[WhiteElo "1861"]
[BlackElo "1655"]
[PlyCount "53"]
[EventDate "2000.04.19"]
[EventType "swiss"]
[EventRounds "7"]
[EventCountry "GER"]
[SourceTitle "EXT 2015"]
[Source "ChessBase"]
[SourceDate "2014.11.20"]
[SourceVersion "1"]
[SourceVersionDate "2014.11.20"]
[SourceQuality "1"]

1. d4 Nf6 2. g3 g6 3. Bg2 Bg7 4. e4 d6 5. Nc3 Bg4 6. Nge2 Nc6 7. h3 Bd7 8. Be3 e5 9. f4 Nh5 10. dxe5 dxe5 11. f5 Nf6 12. g4 h6 13. Qd2 g5 14. 0-0-0 Na5 15. Qd3 Qe7 16. Nd5 Nxd5 17. Qxd5 Nc6 18. Bc5 Qd8 19. Ng3 b6 20. Nh5 Rg8 21. Ba3 Ne7 22. Bxe7 Kxe7 23. f6+ Bxf6 24. Nxf6 Kxf6 25. Rhf1+ Kg7 26. Qxf7+ Kh8 27. Rxd7 1-0

[Event "Mittelfranken-ch QT 49th"]
[Site "Ansbach"]
[Date "2000.??.??"]
[Round "7"]
[White "Sommer, Dieter"]
[Black "Rammig, Claus"]
[Result "1-0"]
[WhiteElo "1733"]
[BlackElo "1655"]
[PlyCount "93"]
[EventDate "2000.04.19"]
[EventType "swiss"]
[EventRounds "7"]
[EventCountry "GER"]
[SourceTitle "EXT 2015"]
[Source "ChessBase"]
[SourceDate "2014.11.20"]
[SourceVersion "1"]
[SourceVersionDate "2014.11.20"]
[SourceQuality "1"]

1. d4 Nf6 2. c4 e5 3. dxe5 Ne4 4. Nf3 Nc6 5. Qd5 Bb4+ 6. Bd2 Nxd2 7. Nbxd2 d6 8. exd6 Be6 9. d7+ Bxd7 10. a3 Ba5 11. b4 Qf6 12. Rb1 Bf5 13. e4 Be6 14. Qg5 Qc3 15. Qe3 Qxe3+ 16. fxe3 0-0-0 17. bxa5 Nxa5 18. Nd4 Bd7 19. Be2 c5 20. N4b3 Nxb3 21. Nxb3 b6 22. 0-0 f6 23. Rfd1 Rde8 24. Bf3 Bc6 25. Rd6 Kc7 26. Rbd1 Ba4 27. R6d3 Re7 28. R1d2 Rhe8 29. Nc1 f5 30. exf5 Rxe3 31. Rxe3 Rxe3 32. Re2 Rc3 33. Re1 Rxc4 34. Nd3 Rc3 35. Nb2 Bd7 36. Bg4 Bc6 37. Re7+ Kd6 38. Rxg7 Rc1+ 39. Nd1 Ke5 40. Rxh7 Ba4 41. Re7+ Kd6 42. Re1 Rc4 43. Re6+ Kd7 44. h3 Bxd1 45. Bxd1 Rc1 46. Re1 c4 47. Ba4+ 1-0